• 首页
  • 本馆介绍
  • 公告通知
  • 最新文献
  • 馆藏检索
  • 电子资源
  • 读者导购
  • 参考咨询
  • 我的图书馆
  • 登录
  • 详细信息显示
  • 放入我的书架
  • 预约/预借图书
  • 作者相关作品
  • 分类相关作品
  • 丛书相关作品
  • 出版社相关作品

书目信息

  • 表格格式
  • 工作单格式
  • 卡片格式
题名:
社会环境中的人类行为
    
 
作者: 安德森 , 卡特 著 ;王吉胜 译
分册:  
出版信息: 北京   国际文化出版公司  1988.12
页数: 284页
开本: 20cm
丛书名: 人学丛书
单 册:
中图分类: C912.4
科图分类:
主题词: 文化人类学 , 社会人类学
电子资源:
ISBN: 7-80049-185-4
000 00846nam2 2200277 45
001 0189022152
005 20050324110012.0
010    @a7-80049-185-4@dCNY2.90
020    @aCN@b89022152
100    @a19910905d1988 m y0chiy0120 ea
101 1  @achi@ceng
102    @aCN@b110000
105    @ay z 000yy
200 10 @a社会环境中的人类行为@Ashe hui huan jing zhong de ren lei xing wei@f(美)R·E·安德森,(美)I·卡特著@F(Mei)R·E·An De Sen,(Mei)I·Ka Te Zhu@g王吉胜等译
210    @a北京@c国际文化出版公司@d1988.12
215    @a284页@d20cm
225 2  @a人学丛书@f贾泽林,张凡琪主编
410  0 @120010@a人学丛书
606 0  @a文化人类学
606 0  @a社会人类学
690    @aC912.4@v3
701  0 @a安德森@4著
701  0 @a卡特@4著
702  0 @a王吉胜@Awang ji sheng@4译
801  0 @aCN@bNLC@c19910905
905    @dC912.4@e113@f1@b221628
    
    社会环境中的人类行为/(美)R·E·安德森,(美)I·卡特著/王吉胜等译.-北京:国际文化出版公司,1988.12
    284页;20cm.-(人学丛书/贾泽林,张凡琪主编)
    
    
    ISBN 7-80049-185-4:CNY2.90
    
●
相关链接 在E读中查询图书 在五车中查询图书 在当当中查询图书 在豆瓣中查询图书


正题名:社会环境中的人类行为     索取号:C912.4/113         预约/预借

序号 登录号 条形码 馆藏地/架位号 状态 备注
1 0221627   000370066   密集书库/ [索取号:C912.4/113] 在馆    
2 0221628   001986783   密集书库/ [索取号:C912.4/113] 在馆    
3 0221629   002043354   第一样本阅览室/ [索取号:C912.4/113] 在馆    
唐山师范学院图书馆 欢迎您!
大连网信软件有限公司© 版权所有